Elegía de la vela latina /
Colección:
San Jorge,
; núm. 23 (juliol 1956), pàg 17-22
Materias:
Vaixells
Idioma:
Español
MARC
| LEADER | 00000naa a2200000 a 4500 | ||
|---|---|---|---|
| 003 | Arxiu | ||
| 005 | 20260324181507.0 | ||
| 008 | 160829s1956 spcaxx s spa c | ||
| 040 | |a AGDB | ||
| 100 | 1 | |a Sordo, Enrique |9 29641 | |
| 245 | 1 | 0 | |a Elegía de la vela latina / |c por Enrique Sordo |
| 490 | |a San Jorge, |v núm. 23 (juliol 1956), pàg 17-22 | ||
| 590 | |a Conté 15 imatges de diverses embarcacions | ||
| 650 | |a Vaixells |9 23324 | ||
| 773 | |g Núm. 23 (juliol 1956), pàg 17-22 |t San Jorge. | ||
| 901 | |a Arxiu | ||
| 942 | |n 1 |2 udc |c ART | ||
| 952 | |0 0 |1 0 |4 0 |6 REV511 |7 1 |9 66385 |a Arxiu |b Arxiu |d 2023-05-22 |l 0 |o Rev-511 |r 2023-05-22 00:00:00 |w 2023-05-22 |y ARXIU |z També disponible a Rev-525 | ||
| 999 | |c 48057 |d 48057 | ||